Statistics for Countries of the Americas and Oceania - One Minute Sprint

Click here to take the quiz!

General Stats

  • This quiz has been taken 897 times
  • The average score is 35 of 49

Answers on the Map

Answers color-coded by a green-red scale on the quiz's map according to % correct below.
 

Answer Stats

Country% Correct
Canada
97%
United States
97%
Mexico
95%
Brazil
94%
Argentina
88%
Chile
88%
Peru
87%
Australia
85%
Cuba
84%
Colombia
82%
Bolivia
79%
New Zealand
79%
Panama
79%
Ecuador
77%
Venezuela
77%
Guatemala
76%
Haiti
76%
Uruguay
76%
Paraguay
75%
Honduras
74%
Bahamas
73%
Belize
72%
Fiji
72%
Guyana
72%
Costa Rica
71%
Nauru
70%
Palau
69%
Nicaragua
68%
Suriname
68%
El Salvador
67%
Kiribati
67%
Samoa
67%
Tonga
67%
Jamaica
65%
Papua New Guinea
65%
Dominican Republic
64%
Vanuatu
64%
Dominica
63%
Tuvalu
63%
Federated States of Micronesia
59%
Solomon Islands
58%
Marshall Islands
57%
Barbados
56%
Saint Kitts and
Nevis
54%
Saint Lucia
54%
Saint Vincent and the
Grenadines
54%
Antigua and Barbuda
47%
Grenada
47%
Trinidad and Tobago
44%

Score Distribution

Percentile by Number Answered

Percent of People with Each Score

Your Score History

You have not taken this quiz